Querétaro 1991-1997 Memorias de Gobierno (Record no. 11197)

MARC details
000 -CABECERA
campo de control de longitud fija 00386nam a2200133 4500
005 - FECHA Y HORA DE LA ÚLTIMA TRANSACCIÓN
campo de control 20260530113843.0
100 1# - ENTRADA PRINCIPAL--NOMBRE DE PERSONA
Nombre de persona Gob. del Estado de Querétaro
9 (RLIN) 30460
245 10 - MENCIÓN DE TÍTULO
Título Querétaro 1991-1997 Memorias de Gobierno
264 #1 - PRODUCCIÓN, PUBLICACIÓN, DISTRIBUCIÓN, FABRICACIÓN Y COPYRIGHT
Nombre del de productor, editor, distribuidor, fabricante Gobierno del Estado de Querétaro
Fecha de producción, publicación, distribución, fabricación o copyright 1997
300 ## - DESCRIPCIÓN FÍSICA
Extensión 300 páginas
336 ## - TIPO DE CONTENIDO
Término de tipo de contenido texto
Fuente rdacontent
337 ## - TIPO DE MEDIO
Nombre/término del tipo de medio sin medio
Fuente rdamedia
338 ## - TIPO DE SOPORTE
Nombre/término del tipo de soporte volumen
Fuente rdacarrier

No items available.